[Event "Challenge"]
[Site "http://www.queenalice.com/game.php?id=970817"]
[Date "2011.8.10"]
[Round "-"]
[White "ricardotado"]
[Black "WeffersoN_1988"]
[Result "0-1"]
[WhiteElo "992"]
[BlackElo "1691"]

1. d4 d5 2. e3 Bf5 3. Bb5+ c6 4. g4 Be4 5. f3 Bxf3 6. Nxf3 cxb5 7. Ne5 Nc6 8.
Qe2 e6 9. Qxb5 Qc7 10. O-O f6 11. Nxc6 bxc6 12. Qe2 Bd6 13. Nc3 a6 14. e4 Bxh2+
15. Kh1 Bd6 16. exd5 O-O-O 17. Qxe6+ Kb7 18. Na4 cxd5 19. Nc5+ Bxc5 20. Bf4 Qe7
21. Qxe7+ Bxe7 22. c3 g5 23. Bg3 Nh6 24. b4 Nxg4 25. a4 Bd6 0-1

[Event "Challenge"]
[Site "http://www.queenalice.com/game.php?id=970823"]
[Date "2011.8.10"]
[Round "-"]
[White "ricardotado"]
[Black "Sylvan"]
[Result "0-1"]
[WhiteElo "1005"]
[BlackElo "1610"]

1. d4 Nf6 2. e3 g6 3. Bc4 d5 4. Bb5+ Bd7 5. Bxd7+ Nbxd7 6. Nf3 e6 7. Ne5 Nxe5 8.
dxe5 Nd7 9. f4 Qh4+ 10. g3 Qe7 11. Bd2 Bg7 12. a3 c5 13. b4 c4 14. Nc3 f6 15.
Nb5 O-O 16. Nc7 Rac8 17. Nb5 a6 18. Na7 Ra8 19. Bc3 Rxa7 20. exf6 Bxf6 21. Bxf6
Nxf6 22. O-O Ne4 23. Qd4 Raa8 24. Qe5 b5 25. g4 Qh4 26. Qxe6+ Kh8 27. Qe5+ Nf6
28. g5 Rae8 29. Qd6 Qg4+ 30. Kh1 Qe6 31. Qxe6 Rxe6 32. Rfe1 Ne4 33. Rf1 Nc3 34.
Rfe1 Rfe8 35. h4 Rxe3 0-1

[Event "AUTO-OPEN-2439"]
[Site "http://www.queenalice.com/game.php?id=970862"]
[Date "2011.8.10"]
[Round "1"]
[White "ricardotado"]
[Black "bobbynilson"]
[Result "0-1"]
[WhiteElo "1100"]
[BlackElo "2095"]

1. d4 Nf6 2. Bg5 e6 3. e3 d5 4. c4 c6 5. c5 Nbd7 6. h4 e5 7. Bxf6 Qxf6 8. g4
exd4 9. g5 Qe5 10. f4 Qxe3+ 11. Be2 Bxc5 12. Qd3 Bb4+ 13. Kf1 O-O 14. a3 Qxf4+
15. Bf3 Ne5 16. Nh3 Bxh3+ 17. Ke2 Nxd3 18. Rxh3 Qe3+ 19. Kf1 Qf2# 0-1

[Event "AUTO-OPEN-2439"]
[Site "http://www.queenalice.com/game.php?id=970863"]
[Date "2011.8.10"]
[Round "1"]
[White "bobbynilson"]
[Black "ricardotado"]
[Result "1-0"]
[WhiteElo "2071"]
[BlackElo "992"]

1. e4 d5 2. exd5 Qxd5 3. Nc3 Qd8 4. d4 h5 5. Bf4 Nf6 6. Bc4 Bg4 7. f3 Be6 8.
Bxe6 fxe6 9. Qd3 Nd5 10. Qg6+ Kd7 11. Bg3 Ne3 12. Nge2 Nxc2+ 13. Kf2 Nxa1 14.
Ne4 Rh6 15. Qg5 Nc2 16. Qb5+ c6 17. Qxb7+ Qc7 18. Qxc7+ Ke8 19. Qc8+ Kf7 20.
Bxb8 a5 21. Qb7 Rxb8 22. Qxb8 Nb4 23. Nc5 1-0

[Event "AUTO-OPEN-2439"]
[Site "http://www.queenalice.com/game.php?id=970864"]
[Date "2011.8.10"]
[Round "1"]
[White "ricardotado"]
[Black "cunha"]
[Result "0-1"]
[WhiteElo "1100"]
[BlackElo "2858"]

1. d4 Nf6 2. d5 c6 3. c4 cxd5 4. cxd5 Qa5+ 5. Bd2 Qxd5 6. Nc3 Qf5 7. Qa4 Nc6 8.
Bf4 e5 9. Be3 d5 10. Nb5 Bb4+ 11. Bd2 Bxd2+ 12. Kxd2 Qxf2 13. Nc7+ Kd8 14. Nxa8
Ne4+ 15. Kc2 Nd4+ 16. Kd3 Nc5+ 17. Kd2 Nxa4 18. Nh3 Bxh3 19. gxh3 Nf3+ 20. Kc2
Qc5+ 21. Kd3 e4# 0-1

[Event "AUTO-OPEN-2439"]
[Site "http://www.queenalice.com/game.php?id=970866"]
[Date "2011.8.10"]
[Round "1"]
[White "ricardotado"]
[Black "Said"]
[Result "0-1"]
[WhiteElo "992"]
[BlackElo "2032"]

1. d4 Nf6 2. d5 c5 3. dxc6 Nxc6 4. Nf3 e5 5. e3 d5 6. Bb5 Bd6 7. Bxc6+ bxc6 8.
Nc3 O-O 9. Ng5 Bg4 10. f3 Bc8 11. g3 h6 12. Nxf7 Rxf7 13. f4 exf4 14. exf4 Re7+
15. Ne2 Bg4 16. h3 Bxe2 17. Qd4 Bf3+ 18. Be3 Bxh1 19. O-O-O Be4 20. g4 c5 0-1

[Event "AUTO-OPEN-2439"]
[Site "http://www.queenalice.com/game.php?id=970867"]
[Date "2011.8.10"]
[Round "1"]
[White "Said"]
[Black "ricardotado"]
[Result "1-0"]
[WhiteElo "2003"]
[BlackElo "1100"]

1. Nf3 d5 2. d4 e6 3. c4 Bb4+ 4. Nc3 dxc4 5. e4 c5 6. Bxc4 cxd4 7. Nxd4 Bxc3+ 8.
bxc3 e5 9. Qh5 g6 10. Qxe5+ Be6 11. Nxe6 Nd7 12. Qxh8 Qa5 13. Qxg8+ Ke7 14. Bg5+
f6 15. Qg7+ Kd6 16. Rd1+ Kc6 17. Qxd7+ Kb6 18. Rd6# 1-0

[Event "Challenge"]
[Site "http://www.queenalice.com/game.php?id=971206"]
[Date "2011.8.11"]
[Round "-"]
[White "ricardotado"]
[Black "ElvisCarvalho"]
[Result "0-1"]
[WhiteElo "1005"]
[BlackElo "1279"]

1. e4 Nf6 2. e5 Nd5 3. c4 Nb6 4. c5 Nd5 5. Bc4 e6 6. d4 Qh4 7. Nf3 Qe7 8. Bg5 f6
9. Be3 Nxe3 10. fxe3 g5 11. h4 g4 12. Nfd2 d5 13. Bb5+ c6 14. Be2 f5 15. Nc3 Bh6
16. Nf1 Rg8 17. g3 Bd7 18. b4 Rg7 19. Na4 b5 20. cxb6 axb6 21. Nxb6 Qxb4+ 22.
Nd2 Qxb6 0-1

[Event "Challenge"]
[Site "http://www.queenalice.com/game.php?id=971251"]
[Date "2011.8.11"]
[Round "-"]
[White "ricardotado"]
[Black "Quiaseze"]
[Result "0-1"]
[WhiteElo "1005"]
[BlackElo "1553"]

1. d4 e6 2. d5 Qh4 3. g3 Qe4 4. f3 Bb4+ 5. Nd2 Qxd5 6. c3 Bc5 7. e4 Qg5 8. Nb3
Qe5 9. Bf4 Qh5 10. g4 Qh4+ 11. Bg3 Qg5 12. Bxc7 Nc6 13. Nh3 Qe3+ 14. Be2 Nf6 15.
Nxc5 Qxc5 16. b4 Qxc3+ 17. Qd2 Qxa1+ 18. Bd1 O-O 19. Bd6 Re8 20. Ng5 Nd4 21. O-O
b6 0-1

[Event "AUTO-OPEN-2442"]
[Site "http://www.queenalice.com/game.php?id=972106"]
[Date "2011.8.13"]
[Round "1"]
[White "mobester"]
[Black "ricardotado"]
[Result "1-0"]
[WhiteElo "1100"]
[BlackElo "1100"]

1. d4 d5 2. e3 h5 3. Nf3 Bg4 4. Bb5+ c6 5. Ba4 b5 6. Bb3 a5 7. a4 bxa4 8. Bxa4
Qb6 9. Qd3 Na6 10. c3 e6 11. Ne5 Nb8 12. c4 Qb4+ 13. Nd2 dxc4 14. Qxc4 Qxc4 15.
Ndxc4 Bb4+ 16. Bd2 Bxd2+ 17. Nxd2 f6 18. Nxc6 Kf8 19. O-O 1-0

[Event "AUTO-OPEN-2442"]
[Site "http://www.queenalice.com/game.php?id=972107"]
[Date "2011.8.13"]
[Round "1"]
[White "ricardotado"]
[Black "mobester"]
[Result "0-1"]
[WhiteElo "1033"]
[BlackElo "1233"]

1. e4 e5 2. d4 Nc6 3. d5 Nd4 4. c3 Nb5 5. c4 Nd6 6. f3 b6 7. b4 a6 8. c5 Nb7 9.
cxb6 Bxb4+ 10. Bd2 Bxd2+ 11. Qxd2 cxb6 12. h4 d6 13. Qg5 Qf6 14. Nd2 h6 15. Qxf6
Nxf6 16. Nc4 Nd7 17. a4 Nbc5 18. Nxd6+ Ke7 0-1

[Event "AUTO-OPEN-2442"]
[Site "http://www.queenalice.com/game.php?id=972132"]
[Date "2011.8.13"]
[Round "1"]
[White "ricardotado"]
[Black "Branco"]
[Result "0-1"]
[WhiteElo "964"]
[BlackElo "987"]

1. d4 d5 2. e3 e6 3. Bb5+ Bd7 4. Bxd7+ Qxd7 5. Nf3 Nc6 6. Ne5 Qd6 7. Qf3 Nxe5 8.
dxe5 Qxe5 9. Qf4 Qf5 10. Qxc7 d4 11. Qxb7 Bc5 12. Qxa8+ Ke7 13. Qb7+ Kf6 14. Qb8
Qxc2 15. Qf4+ Kg6 0-1

[Event "AUTO-OPEN-2442"]
[Site "http://www.queenalice.com/game.php?id=972133"]
[Date "2011.8.13"]
[Round "1"]
[White "Branco"]
[Black "ricardotado"]
[Result "1-0"]
[WhiteElo "942"]
[BlackElo "992"]

1. e3 d5 2. d4 h5 3. c4 Bg4 4. f3 Bc8 5. c5 b6 6. b4 c6 7. g3 bxc5 8. dxc5 h4 9.
g4 f5 10. g5 Ba6 11. Bxa6 Nxa6 12. a3 Qb8 13. f4 e6 14. Nf3 Ne7 15. Ne5 g6 16.
Bb2 1-0